| 000 | 00788cab a2200229 4500 | ||
|---|---|---|---|
| 001 | WB3410-45 | ||
| 008 | 090401t1998 xxu||||| |||| 00| 0 eng d | ||
| 035 | _a(Sirsi) u84772 | ||
| 041 | _aeng | ||
| 245 | _aCinema revival | ||
| 260 | _c1998 | ||
| 350 | _a0 | ||
| 490 |
_aScotsman _v`Commercial Property`, 10 March 1998, 8&9(2) |
||
| 520 | _aLooks at how the property industry is cashing in on the cinema scene in Scotland, with current proposals for cinema launches more than doubling the 100 or so cinemas that have opened in the last decade. Map shows the planned growth of multiplex cinemas. | ||
| 650 | _aENTERTAINMENT | ||
| 650 | _aGROWTH | ||
| 650 | _aMULTIPLEX CINEMAS | ||
| 650 | _aSCOTLAND | ||
| 690 | _aLEISURE AND RECREATION | ||
| 942 | _n0 | ||
| 948 | _c10/03/1998 | ||
| 999 |
_c53307 _d53307 |
||